| 000 | 00629nam a2200181 i 4500 | ||
|---|---|---|---|
| 001 | 129210 | ||
| 003 | ES-MaACL | ||
| 005 | 20230906193446.0 | ||
| 007 | t| | ||
| 008 | 070608s1974 sp ||||1| spa d | ||
| 080 | _a301.151(075.8) | ||
| 245 | 0 | 0 |
_aTeoria e investigación en la psicología social actual / _cintroducción y selección por José R. Torregrosa. |
| 260 |
_aMadrid : _bInstituto de la Opinión Pública, _c[1974] |
||
| 300 |
_aLVI, 1037 p., 3 h. ; _c24 cm. |
||
| 700 | 1 |
_aTorregrosa, José Ramón. _9110807 |
|
| 710 | 2 |
_aInstituto de la Opinión Pública (España) _94981 |
|
| 852 |
_aES-MaACL _jE-7476 _bR.91406 |
||
| 999 |
_c129210 _d129210 |
||